| 000 | 00729cam a22002055a 4500 | ||
|---|---|---|---|
| 001 | L155509 | ||
| 008 | 120327s1813 xxk f 000 0 eng d | ||
| 035 | _a(Sirsi) u155509 | ||
| 041 | 0 | _aeng | |
| 100 | 1 | _aPriest, St. John | |
| 245 | 0 | 0 | _aGeneral view of the agriculture of Buckinghamshire drawn up for the consideration of the Board of Agriculture and Internal Improvement |
| 260 |
_aLondon _bPrinted for Sherwood, Neely, and Jones _c1813 |
||
| 300 |
_aviii, 412 p., [22] leaves of plates _bmap, plans _c23 cm |
||
| 583 |
_aCondition reviewed _c20120620 _lcondition level 1 |
||
| 651 | 4 |
_aEngland _y886- |
|
| 690 |
_aRural _96268 |
||
| 700 | 1 |
_aParkinson, Richard _d1748-1815 |
|
| 710 | 1 | _aBoard of Agriculture | |
| 942 | _n0 | ||
| 999 |
_c113620 _d113620 |
||